000 00458nam a2200145 i 4500
001 44811
003 ES-MaACL
007 t|
008 030324s1890 fr ||||1| fre d
100 1 _aClaretie, Leo.
_939015
245 1 3 _aLe roman en France au debut du XVIIIe siècle
_b: Lesage, romancier d'aprés de nouveaux documents /
_cpar Léo Claretie.
260 _aParis :
_bArmand Colin,
_c1890.
300 _aVII, 447 p. ;
_c22 cm.
852 _aES-MaACL
_jG-3785
999 _c44811
_d44811